Pandangan singkat tentang maksud dan tudjuan Balai Penelitian dan Penindjauan Sosial. (Record no. 86853)

MARC details
000 -LEADER
fixed length control field 00804cam a22002531 4500
001 - CONTROL NUMBER
control field sa 68015987
003 - CONTROL NUMBER IDENTIFIER
control field DLC
005 - DATE AND TIME OF LATEST TRANSACTION
control field 20260227112651.0
008 - FIXED-LENGTH DATA ELEMENTS--GENERAL INFORMATION
fixed length control field 930506s1967 io 000 0 ind
010 ## - LIBRARY OF CONGRESS CONTROL NUMBER
LC control number sa 68015987
025 ## - OVERSEAS ACQUISITION NUMBER
Overseas acquisition number PL480:Indo-8252
035 ## - SYSTEM CONTROL NUMBER
System control number (OCoLC)28057993
040 ## - CATALOGING SOURCE
Original cataloging agency DLC
Transcribing agency CU
Modifying agency DLC
041 0# - LANGUAGE CODE
Language code of text/sound track or separate title indeng
042 ## - AUTHENTICATION CODE
Authentication code premarc
050 00 - LIBRARY OF CONGRESS CALL NUMBER
Classification number HV11
Item number .B27 1967
110 2# - MAIN ENTRY--CORPORATE NAME
Corporate name or jurisdiction name as entry element Balai Penelitian dan Penindjauan Sosial.
245 00 - TITLE STATEMENT
Title Pandangan singkat tentang maksud dan tudjuan Balai Penelitian dan Penindjauan Sosial.
Remainder of title A short view of the scope and aim of the Institute for Social Research and Observation.
260 ## - PUBLICATION, DISTRIBUTION, ETC.
Place of publication, distribution, etc. Jogjakarta
Date of publication, distribution, etc. [1967?]
300 ## - PHYSICAL DESCRIPTION
Extent 18 p.
Dimensions 21 cm.
500 ## - GENERAL NOTE
General note Cover title.
500 ## - GENERAL NOTE
General note Indonesian and English.
650 #0 - SUBJECT ADDED ENTRY--TOPICAL TERM
Topical term or geographic name entry element Social service
General subdivision Research.

No items available.

Powered by Koha